Focus MIPIM and European investment (Record no. 106566)

MARC details
000 -LEADER
fixed length control field 00831cam a2200241 4500
001 - CONTROL NUMBER
control field L136969
008 - FIXED-LENGTH DATA ELEMENTS--GENERAL INFORMATION
fixed length control field 070307s2007 xxk f 000 0 eng d
035 ## - SYSTEM CONTROL NUMBER
System control number (Sirsi) u136969
041 0# - LANGUAGE CODE
Language code of text/sound track or separate title eng
100 1# - MAIN ENTRY--PERSONAL NAME
Personal name Thame, David
245 00 - TITLE STATEMENT
Title Focus MIPIM and European investment
260 ## - PUBLICATION, DISTRIBUTION, ETC.
Date of publication, distribution, etc. 2007
490 00 - SERIES STATEMENT
Series statement Estates Gazette
Volume/sequential designation (0709) 3 March 2007, 117-159(13)
520 ## - SUMMARY, ETC.
Summary, etc. Reports on the themes of the 2007 MIPIM. Looks at the commercial property market in Germany, Eastern Europe and Russia. Reports on the continuing investment being attracted in Bulgaria and Romania.
590 ## - LOCAL NOTE (RLIN)
Local note KA
650 24 - SUBJECT ADDED ENTRY--TOPICAL TERM
Topical term or geographic name entry element MIPIM
651 #4 - SUBJECT ADDED ENTRY--GEOGRAPHIC NAME
Geographic name EUROPE
690 ## - LOCAL SUBJECT ADDED ENTRY--TOPICAL TERM (OCLC, RLIN)
Topical term or geographic name as entry element PROPERTY-COMMERCIAL PROPERTY-COMMERCIAL PROPERTY FINANCE AND INVESTMENT
700 1# - ADDED ENTRY--PERSONAL NAME
Personal name Gerrard, Richard
700 1# - ADDED ENTRY--PERSONAL NAME
Personal name Moore, Charlotte
700 1# - ADDED ENTRY--PERSONAL NAME
Personal name Robson, Claire
942 ## - ADDED ENTRY ELEMENTS (KOHA)
Suppress in OPAC 0
Holdings
Withdrawn status Lost status Source of classification or shelving scheme Damaged status Not for loan Home library Current library Shelving location Date acquired Total Checkouts Full call number Barcode Date last seen Copy number Price effective from Koha item type
    Dewey Decimal Classification     London London Journal article 07/03/2007   L136969 136969-1001 06/08/2019 1 06/08/2019 Journal article